Wolf Den (Record no. 227343)
[ view plain ]
| 000 -LEADER | |
|---|---|
| fixed length control field | 01536nam a22002177a 4500 |
| 005 - DATE AND TIME OF LATEST TRANSACTION | |
| control field | 20260129113215.0 |
| 008 - FIXED-LENGTH DATA ELEMENTS--GENERAL INFORMATION | |
| fixed length control field | 230525b ||||| |||| 00| 0 eng d |
| 020 ## - INTERNATIONAL STANDARD BOOK NUMBER | |
| International Standard Book Number | 9781838933555 |
| 040 ## - CATALOGING SOURCE | |
| Transcribing agency | AL |
| 041 ## - LANGUAGE CODE | |
| Language code of text/sound track or separate title | English |
| 082 ## - DEWEY DECIMAL CLASSIFICATION NUMBER | |
| Edition number | 23 |
| Classification number | 823.92 |
| Item number | HARW |
| 100 ## - MAIN ENTRY--PERSONAL NAME | |
| Personal name | Elodie Harper |
| 100 ## - MAIN ENTRY--PERSONAL NAME | |
| 9 (RLIN) | 253091 |
| 245 ## - TITLE STATEMENT | |
| Title | Wolf Den |
| 260 ## - PUBLICATION, DISTRIBUTION, ETC. | |
| Place of publication, distribution, etc. | London |
| Name of publisher, distributor, etc. | Head of Zeus Ltd |
| Date of publication, distribution, etc. | 2021 |
| 300 ## - PHYSICAL DESCRIPTION | |
| Extent | 455p |
| Other physical details | PB |
| Dimensions | 20x13cm |
| 365 ## - TRADE PRICE | |
| Price type code | 1170 |
| Price amount | ₹399.00 |
| Currency code | ₹ |
| Unit of pricing | ₹499.00 |
| Price note | 20% |
| Price effective from | 17-05-2023 |
| 520 ## - SUMMARY, ETC. | |
| Summary, etc. | 'Utterly spellbinding' Woman & Home<br/>Sold Amara was once a beloved daughter, until her father's death plunged her family into penury. Now she is a slave in Pompeii's infamous brothel, owned by a man she despises. Sharp, clever and resourceful, Amara is forced to hide her talents. For now her only value lies in the desire she can stir in others.<br/>But Amara's spirit is far from broken. By day, she walks the streets with the Wolf Den's other women, finding comfort in the laughter and dreams they share. For the streets of Pompeii are alive with opportunity. Out here, even the lowest slave can secure a reversal in fortune. Amara has learnt that everything in this city has its price. But how much is her freedom going to cost her?<br/>Set in Pompeii's lupanar, The Wolf Den is the first in a trilogy of novels reimagining the lives of women who have long been overlooked. Perfect for fans of Pat Barker's The Silence of the Girls and Madeline Miller's Circe. |
| 650 ## - SUBJECT ADDED ENTRY--TOPICAL TERM | |
| Topical term or geographic name entry element | English Fiction |
| 9 (RLIN) | 113981 |
| 650 ## - SUBJECT ADDED ENTRY--TOPICAL TERM | |
| Topical term or geographic name entry element | Historical fiction |
| 9 (RLIN) | 114646 |
| 942 ## - ADDED ENTRY ELEMENTS (KOHA) | |
| Source of classification or shelving scheme | Dewey Decimal Classification |
| Koha item type | Book |
| Withdrawn status | Lost status | Source of classification or shelving scheme | Damaged status | Not for loan | Collection code | Home library | Current library | Date acquired | Source of acquisition | Cost, normal purchase price | Total Checkouts | Full call number | Barcode | Date last seen | Date last checked out | Cost, replacement price | Price effective from | Koha item type |
|---|---|---|---|---|---|---|---|---|---|---|---|---|---|---|---|---|---|---|
| Dewey Decimal Classification | English | St Aloysius Library | St Aloysius Library | 05/20/2023 | Biblios Book Point Surathkal Mangalore 575014 | 399.00 | 3 | 823.92 HARW | 076543 | 01/02/2026 | 12/15/2025 | 499.00 | 05/25/2023 | Book |